Humanismo y religiones en el renacimiento
Saved in:
| Hovedforfatter: | |
|---|---|
| Format: | Bog |
| Sprog: | spansk |
| Udgivet: |
Barcelona
Península
1984
|
| Serier: | Universitaria. Historia, Ciencia, Sociedad, 186
|
| Fag: | |
| Tags: |
Tilføj Tag
Ingen Tags, Vær først til at tagge denne postø!
|
MARC
| LEADER | 00000nam a2200000 a 4500 | ||
|---|---|---|---|
| 001 | UCP9971 | ||
| 003 | CL-VaPUC | ||
| 008 | 000407e19840000SP |||||||||||||||||spa|d | ||
| 082 | 0 | 4 | |a 940.21 |b CAN |2 21 |
| 100 | 0 | |a Cantimori, Delio |e author |9 440969 | |
| 245 | 1 | 0 | |a Humanismo y religiones en el renacimiento |
| 300 | |a 307 p | ||
| 942 | |c BK | ||
| 945 | |d 20000407 00:00:00 |a rherrera | ||
| 260 | |a Barcelona |b Península |c 1984 | ||
| 600 | 0 | 7 | |a ERASMO DE ROTTERDAM |2 CL-VaPUC |9 368153 |
| 600 | 0 | 7 | |a CARLOS V |2 CL-VaPUC |9 349626 |
| 600 | 0 | 7 | |a CLEMENTE VII |2 CL-VaPUC |9 439971 |
| 600 | 0 | |a Lutero, Martín |d 1483-1546 |9 859309 | |
| 650 | 0 | |a Historia de Europa |9 376266 | |
| 650 | 0 | |a Renacimiento |9 255107 | |
| 650 | 0 | |a Humanismo |9 256530 | |
| 650 | 7 | |a REFORMA RELIGIOSA |2 CL-VaPUC |9 257490 | |
| 651 | 0 | |a Europa |9 255156 | |
| 583 | |a last modification |c 20160817 11:26:28 |k Rodrigo Vera | ||
| 490 | 0 | |a Universitaria. Historia, Ciencia, Sociedad, 186 | |
| 999 | |c 286751 |d 286749 | ||